Fünf Länder mit den meisten Teilnahmen in Basketball-WMs - Statistiken

Allgemein
  • Dieses Quiz wurde 43 mal gespielt
  • Das Durchschnittsergebnis liegt bei 16 aus 24
Antwortstatistiken
Verband Teilnahmen Land % Korrekt
Amerika 19 Vereinigte Staaten
100%
Ozeanien 11 Australien
92%
Amerika 15 Kanada
92%
Europa 9 Frankreich
90%
Ozeanien 7 Neuseeland
90%
Europa 13 Spanien
90%
Amerika 19 Brasilien
87%
Asien 10 China
87%
Amerika 14 Argentinien
82%
Asien 6 Japan
82%
Europa 10 Italien
77%
Asien 8 Südkorea
69%
Afrika 3 Nigeria
67%
Afrika 7 Ägypten
62%
Europa 12 Jugoslawien
62%
Europa 9 Sowjetunion
59%
Europa 9 Griechenland
56%
Asien 4 Iran
56%
Afrika 9 Angola
33%
Afrika 5 Senegal
33%
Asien 7 Philippinen
31%
Afrika 5 Elfenbeinküste
28%
Amerika 15 Puerto Rico
23%
Asien 4 Libanon
5%
Keine übereinstimmenden Quizze gefunden
Verteilung der Resultate
Anzahl Personen mit jedem Resultat
Perzentil nach korrekt beantworteten Fragen
Ihre Resultats-Entwicklung
Sie haben dieses Quiz noch nicht gespielt